|
|
|
|
| LEADER |
00000nab a2200000 ar4500 |
| 001 |
vtls009278743 |
| 003 |
SK-MaSNL |
| 005 |
20260303052515.0 |
| 008 |
080326c20080313xo mr|p|||||||000 b|slo |
| 015 |
|
|
|a SNKBUCL2008/04
|2 snkbucl
|
| 038 |
|
|
|a SNKBUCL
|
| 040 |
|
|
|a SNKBUCL
|b slo
|c SNKBUCL
|e AACR2
|
| 041 |
0 |
|
|a slo
|
| 044 |
|
|
|a xo
|c SK
|
| 080 |
|
|
|a 629.331.1
|2 2001
|
| 245 |
0 |
0 |
|a Intenzívne kombi
|b test Peugeot 207 SW
|
| 300 |
|
|
|b Fotogr., tab.
|
| 650 |
0 |
7 |
|a Peugeot 207 SW (osobný automobil)
|2 snkbucl
|9 1043701
|
| 650 |
0 |
7 |
|a osobné automobily
|2 snkbucl
|9 26643
|
| 650 |
0 |
7 |
|a technické parametre
|2 snkbucl
|9 452097
|
| 773 |
0 |
|
|t Šport
|g Roč. 62, č. 62 (13.3.2008), s. 35
|x 0139-7001
|
| 852 |
|
|
|a SNK
|b KIS3GCP
|
| 999 |
|
|
|c 1715583
|d 1717513
|